[Event "BIH-chT 21st"]
[Site "Sarajevo"]
[Date "2023.11.07"]
[Round "8.5"]
[White "Muratovic, Efim"]
[Black "Jevtic, Sreten"]
[Result "1-0"]
[WhiteElo "2333"]
[BlackElo "2201"]
[PlyCount "113"]
[EventDate "2023.10.31"]
[EventType "team-tourn"]
[EventRounds "9"]
[EventCountry "BIH"]
[SourceTitle "Mega2024 Update 01"]
[Source "Chessbase"]
[SourceDate "2023.11.12"]
[SourceVersion "1"]
[SourceVersionDate "2023.11.12"]
[SourceQuality "1"]
[WhiteTeam "Pazaric Bjelasnica"]
[BlackTeam "Zenica Napredak"]
[WhiteTeamCountry "BIH"]
[BlackTeamCountry "BIH"]

1. g3 Nf6 2. Bg2 d5 3. Nf3 c6 4. 0-0 Bg4 5. Ne5 Be6 6. d4 g6 7. Nd2 Bg7 8. c3 Nbd7 9. Nd3 0-0 10. f3 Nb6 11. a4 Bc8 12. a5 Nbd7 13. e4 Ne8 14. e5 Nc7 15. f4 f5 16. b3 e6 17. Ba3 Re8 18. c4 Bf8 19. Bd6 Nb8 20. Bxf8 Rxf8 21. Nf3 Nd7 22. Rf2 Qe7 23. Qc1 Rd8 24. h3 Nf8 25. g4 Na6 26. Kh2 Bd7 27. Bf1 Be8 28. Rg2 Kh8 29. c5 Nc7 30. Nf2 a6 31. Bd3 Bf7 32. Qc2 Nd7 33. Rag1 Rg8 34. b4 Raf8 35. Qc1 Ne8 36. Ng5 Rg7 37. Qe3 h6 38. Nf3 Rfg8 39. Nd1 Nf8 40. Qe1 Nh7 41. Ne3 h5 42. Kh1 Nf8 43. Ng5 Nh7 44. Nf3 Nf8 45. Be2 Nh7 46. Qf2 Qd8 47. Ng5 Nxg5 48. Qh4 Rh7 49. gxh5 gxh5 50. Rxg5 Rxg5 51. Rxg5 Nc7 52. Ng2 Qe7 53. Rg7 Qxh4 54. Rxh7+ Kxh7 55. Nxh4 Kh6 56. Nf3 Ne8 57. Ng5 1-0

[Event "BIH-chT 21st"]
[Site "Sarajevo"]
[Date "2023.10.31"]
[Round "1.5"]
[White "Muratovic, Efim"]
[Black "Rajic, Ivan1"]
[Result "1-0"]
[WhiteElo "2333"]
[BlackElo "2161"]
[PlyCount "115"]
[EventDate "2023.10.31"]
[EventType "team-tourn"]
[EventRounds "9"]
[EventCountry "BIH"]
[SourceTitle "Mega2024 Update 01"]
[Source "Chessbase"]
[SourceDate "2023.11.12"]
[SourceVersion "1"]
[SourceVersionDate "2023.11.12"]
[SourceQuality "1"]
[WhiteTeam "Pazaric Bjelasnica"]
[BlackTeam "Busovaca Hrasno"]
[WhiteTeamCountry "BIH"]
[BlackTeamCountry "BIH"]

1. c4 c5 2. Nf3 Nf6 3. g3 g6 4. Bg2 Bg7 5. 0-0 0-0 6. d4 cxd4 7. Nxd4 d5 8. cxd5 Nxd5 9. Nb5 a6 10. N5c3 Nxc3 11. Nxc3 Nc6 12. Bf4 e5 13. Qxd8 Rxd8 14. Bg5 f6 15. Be3 Nd4 16. Rfd1 Rb8 17. Bd5+ Kf8 18. Bxd4 exd4 19. Rxd4 Be6 20. Rad1 f5 21. R4d3 Bxd5 22. Rxd5 Rxd5 23. Rxd5 Bxc3 24. bxc3 Ke7 25. c4 Ke6 26. f4 Rc8 27. Rd4 Rc5 28. Kf2 Ra5 29. Rd2 Ra4 30. Rb2 b5 31. cxb5 axb5 32. Rxb5 Rxa2 33. Rb6+ Kf7 34. Rb7+ Kg8 35. h3 Ra3 36. Re7 h5 37. Re3 Ra4 38. Kf3 Kf7 39. g4 fxg4+ 40. hxg4 hxg4+ 41. Kxg4 Kf6 42. Rb3 Re4 43. Rb6+ Kf7 44. Kf3 Ra4 45. e4 Ra1 46. e5 Ra4 47. Kg4 Ra1 48. Rb7+ Ke6 49. Kg5 Rg1+ 50. Kh6 Rg4 51. Rb6+ Kf7 52. Rf6+ Ke7 53. Kg7 Ke8 54. Rf7 Kd8 55. Kf8 Rh4 56. e6 Rh8+ 57. Kg7 Re8 58. Rf8 1-0

[Event "BIH-chT 20th"]
[Site "Neum"]
[Date "2022.09.17"]
[Round "8.1"]
[White "Benkovic, Petar"]
[Black "Muratovic, Efim"]
[Result "1-0"]
[WhiteElo "2354"]
[BlackElo "2313"]
[PlyCount "73"]
[EventDate "2022.09.10"]
[EventType "team-tourn"]
[EventRounds "9"]
[EventCountry "BIH"]
[SourceTitle "CBM 210 Extra"]
[Source "ChessBase"]
[SourceDate "2022.11.30"]
[SourceVersion "1"]
[SourceVersionDate "2022.11.30"]
[SourceQuality "1"]
[WhiteTeam "Busovaca Hrasno"]
[BlackTeam "Konjic Igman"]
[WhiteTeamCountry "BIH"]
[BlackTeamCountry "BIH"]

1. Nf3 Nf6 2. c4 e6 3. Nc3 d5 4. e3 a6 5. d4 c5 6. cxd5 exd5 7. dxc5 Bxc5 8. Be2 Nc6 9. 0-0 0-0 10. b3 Be6 11. Bb2 Qe7 12. Rc1 Ba3 13. Qc2 Rac8 14. Rfd1 Rfe8 15. Qb1 b5 16. h3 h6 17. Bd3 Qb4 18. Ne2 Ne4 19. Nf4 Bxb2 20. Qxb2 Nf6 21. Nxe6 fxe6 22. Bg6 Red8 23. Bf7+ Kxf7 24. Rxc6 Qe4 25. Rd4 Qh7 26. Qc1 Rxc6 27. Qxc6 Qb1+ 28. Kh2 Re8 29. Ne5+ Kg8 30. Rf4 Qa1 31. Nd7 Ne4 32. Nc5 Re7 33. Qc8+ Kh7 34. Nxe6 g5 35. Rf5 Nd6 36. Qc2 Rxe6 37. Rf7+ 1-0

[Event "BIH-chT 20th"]
[Site "Neum"]
[Date "2022.09.14"]
[Round "5.2"]
[White "Kosic, Dragan"]
[Black "Muratovic, Efim"]
[Result "1-0"]
[WhiteElo "2399"]
[BlackElo "2313"]
[PlyCount "67"]
[EventDate "2022.09.10"]
[EventType "team-tourn"]
[EventRounds "9"]
[EventCountry "BIH"]
[SourceTitle "CBM 210 Extra"]
[Source "ChessBase"]
[SourceDate "2022.11.30"]
[SourceVersion "1"]
[SourceVersionDate "2022.11.30"]
[SourceQuality "1"]
[WhiteTeam "Sarajevo Napredak"]
[BlackTeam "Konjic Igman"]
[WhiteTeamCountry "BIH"]
[BlackTeamCountry "BIH"]

1. d4 Nf6 2. Nf3 e6 3. c4 Bb4+ 4. Nbd2 d5 5. Qa4+ Nc6 6. e3 Bd7 7. Qc2 a5 8. Bd3 0-0 9. 0-0 Re8 10. a3 Bd6 11. b3 g6 12. Bb2 Bf8 13. Rfe1 Bg7 14. e4 dxe4 15. Nxe4 Nxe4 16. Bxe4 f5 17. Bd3 Qf6 18. Rab1 Qf8 19. d5 Nd8 20. Ne5 Qe7 21. Qe2 c5 22. Qe3 Bc8 23. Rbd1 Ra6 24. Bf1 Rb6 25. Ba1 Qc7 26. f4 Nf7 27. Nxf7 Qxf7 28. Bxg7 Qxg7 29. Qxc5 Rxb3 30. Qxa5 Bd7 31. dxe6 Bc6 32. Re5 b6 33. Qd2 Rxa3 34. Qd6 1-0

[Event "BIH-chT 20th"]
[Site "Neum"]
[Date "2022.09.12"]
[Round "3.1"]
[White "Stojanovic, Dalibor"]
[Black "Muratovic, Efim"]
[Result "1/2-1/2"]
[WhiteElo "2472"]
[BlackElo "2313"]
[PlyCount "59"]
[EventDate "2022.09.10"]
[EventType "team-tourn"]
[EventRounds "9"]
[EventCountry "BIH"]
[SourceTitle "CBM 210 Extra"]
[Source "ChessBase"]
[SourceDate "2022.11.30"]
[SourceVersion "1"]
[SourceVersionDate "2022.11.30"]
[SourceQuality "1"]
[WhiteTeam "Sarajevo SK"]
[BlackTeam "Konjic Igman"]
[WhiteTeamCountry "BIH"]
[BlackTeamCountry "BIH"]

1. e4 e5 2. Bc4 Nf6 3. d3 c6 4. Nf3 d5 5. Bb3 Nbd7 6. 0-0 Be7 7. exd5 Nxd5 8. Re1 0-0 9. Nbd2 Bf6 10. Ne4 Re8 11. c4 Nc7 12. c5 h6 13. Bc2 Nd5 14. Nfd2 Be7 15. Qf3 Rf8 16. Nc4 b5 17. cxb6 axb6 18. Ncd6 N7f6 19. Nxc8 Rxc8 20. Bd2 Bb4 21. Rad1 Bxd2 22. Rxd2 Nf4 23. g3 Nxe4 24. Qxe4 Qg5 25. Re3 Rfe8 26. h4 Qg6 27. Qxg6 Nxg6 28. Rde2 Rcd8 29. h5 Nf8 30. f4 1/2-1/2

[Event "BIH-chT 29th"]
[Site "Bihac"]
[Date "2022.08.27"]
[Round "8.2"]
[White "Culum, Sanjin"]
[Black "Muratovic, Efim"]
[Result "1/2-1/2"]
[WhiteElo "2351"]
[BlackElo "2308"]
[PlyCount "33"]
[EventDate "2022.08.23"]
[EventType "tourn"]
[EventRounds "9"]
[EventCountry "BIH"]
[SourceTitle "CBM 210 Extra"]
[Source "ChessBase"]
[SourceDate "2022.11.30"]
[SourceVersion "1"]
[SourceVersionDate "2022.11.30"]
[SourceQuality "1"]

1. d4 e6 2. Nf3 Nf6 3. g3 c5 4. Bg2 Nc6 5. 0-0 d5 6. c4 cxd4 7. Nxd4 Qb6 8. Nxc6 bxc6 9. Nc3 Be7 10. Na4 Qa6 11. Qc2 0-0 12. Rd1 Rb8 13. b3 Bd7 14. Be3 Qa5 15. Bd2 Qa6 16. Be3 Qa5 17. Bd2 1/2-1/2

[Event "BIH-chT 29th"]
[Site "Bihac"]
[Date "2022.08.24"]
[Round "3.2"]
[White "Avdic, Mirza"]
[Black "Muratovic, Efim"]
[Result "1-0"]
[WhiteElo "2010"]
[BlackElo "2308"]
[PlyCount "39"]
[EventDate "2022.08.23"]
[EventType "tourn"]
[EventRounds "9"]
[EventCountry "BIH"]
[SourceTitle "CBM 210 Extra"]
[Source "ChessBase"]
[SourceDate "2022.11.30"]
[SourceVersion "1"]
[SourceVersionDate "2022.11.30"]
[SourceQuality "1"]

1. e4 c5 2. Nf3 e6 3. Nc3 Nc6 4. d4 cxd4 5. Nxd4 a6 6. Nxc6 bxc6 7. e5 Qc7 8. Qe2 Rb8 9. a3 f5 10. exf6 Nxf6 11. g3 Bc5 12. Bg2 0-0 13. 0-0 e5 14. Qc4+ d5 15. Qxc5 Be6 16. Bg5 d4 17. Bxf6 gxf6 18. Nd5 Qf7 19. Nb4 Rfc8 20. f4 1-0

[Event "Jelah Schev"]
[Site "Jelah"]
[Date "2022.03.27"]
[Round "8.1"]
[White "Mesic, Ismet"]
[Black "Muratovic, Efim"]
[Result "1/2-1/2"]
[WhiteElo "2161"]
[BlackElo "2327"]
[PlyCount "144"]
[EventDate "2022.03.23"]
[EventType "schev"]
[EventRounds "10"]
[EventCountry "BIH"]
[SourceTitle "EXT 2023"]
[Source "ChessBase"]
[SourceDate "2022.10.05"]
[SourceVersion "1"]
[SourceVersionDate "2022.10.05"]
[SourceQuality "1"]
[WhiteTeam "Kadets"]
[BlackTeam "Seniors"]
[WhiteTeamCountry "SRB"]
[BlackTeamCountry "SRB"]

1. d4 Nf6 2. c4 g6 3. f3 Bg7 4. e4 d6 5. Nc3 0-0 6. Be3 c6 7. Qd2 e5 8. Nge2 Nbd7 9. d5 cxd5 10. cxd5 Nb6 11. b3 Nh5 12. g4 Nf4 13. Nxf4 exf4 14. Bd4 Qh4+ 15. Bf2 Qf6 16. Rc1 Bd7 17. Bc4 Nxc4 18. bxc4 Rfc8 19. Ne2 b5 20. h4 Qe7 21. Bd4 Bxd4 22. Qxd4 bxc4 23. Nxf4 Rab8 24. Ne2 Rc5 25. h5 c3 26. Nxc3 Qg5 27. Qd2 Qe5 28. Kf2 g5 29. h6 f6 30. Kg2 Kf7 31. Rhd1 Kg6 32. Rh1 a5 33. f4 Qxf4 34. Qxf4 gxf4 35. Kf3 Rbc8 36. Ne2 Rxc1 37. Nxc1 Rc3+ 38. Kxf4 Bb5 39. Nb3 Bc4 40. Rh2 Bxb3 41. axb3 Rxb3 42. Ra2 Rb5 43. Ra3 Kxh6 44. Kf5 Kg7 45. Ke6 Rb4 46. Rxa5 Rxe4+ 47. Kxd6 Rxg4 48. Ke6 Re4+ 49. Kf5 Re5+ 50. Kf4 Kg6 51. Rb5 h5 52. Ra5 h4 53. Kg4 Re4+ 54. Kf3 f5 55. Ra6+ Kg5 56. Ra8 Rd4 57. Rg8+ Kf6 58. Rh8 Ke5 59. Rh5 Kf6 60. d6 Kg6 61. Rh8 Kg5 62. Rg8+ Kf6 63. Rh8 Ke6 64. Rh6+ Ke5 65. d7 Rxd7 66. Rxh4 Ra7 67. Rb4 Ra3+ 68. Kf2 Kf6 69. Rc4 Kg5 70. Rb4 Ra5 71. Rc4 Re5 72. Ra4 Rb5 1/2-1/2

[Event "Jelah Schev"]
[Site "Jelah"]
[Date "2022.03.26"]
[Round "6.1"]
[White "Lu, Miaoyi"]
[Black "Muratovic, Efim"]
[Result "1-0"]
[WhiteElo "2219"]
[BlackElo "2327"]
[PlyCount "99"]
[EventDate "2022.03.23"]
[EventType "schev"]
[EventRounds "10"]
[EventCountry "BIH"]
[SourceTitle "EXT 2023"]
[Source "ChessBase"]
[SourceDate "2022.10.05"]
[SourceVersion "1"]
[SourceVersionDate "2022.10.05"]
[SourceQuality "1"]
[WhiteTeam "Kadets"]
[BlackTeam "Seniors"]
[WhiteTeamCountry "SRB"]
[BlackTeamCountry "SRB"]

1. d4 Nf6 2. c4 e6 3. Nc3 d5 4. cxd5 exd5 5. Bg5 Be7 6. e3 0-0 7. Bd3 Be6 8. Nge2 Nbd7 9. Nf4 c6 10. 0-0 Ne8 11. Bxe7 Qxe7 12. f3 Nd6 13. e4 Qg5 14. Nfe2 dxe4 15. fxe4 Nc4 16. Bxc4 Bxc4 17. Rf3 Rfe8 18. e5 Rad8 19. Qc2 Qg6 20. Qa4 Ba6 21. Nf4 Nb6 22. Qb4 Qg4 23. Ne4 Nd5 24. Nxd5 Qxe4 25. Ne7+ Kh8 26. Nf5 Qd5 27. Nd6 Rf8 28. Qc5 Qe6 29. Re1 f6 30. Ne4 Rfe8 31. exf6 gxf6 32. Kf2 f5 33. Rxf5 Rd5 34. Rf8+ Kg7 35. Rxe8 Qxe8 36. Qc3 Rf5+ 37. Kg1 Qxe4 38. Qg3+ Kh6 39. Qh3+ Kg5 40. Qg3+ Qg4 41. Qe3+ Qf4 42. Qe7+ Rf6 43. Qg7+ Kh5 44. Re5+ Rf5 45. Qxh7+ Kg5 46. h4+ Kf6 47. Qe7+ Kg6 48. Re6+ Rf6 49. h5+ Kxh5 50. Qxf6 1-0

[Event "Jelah Schev"]
[Site "Jelah"]
[Date "2022.03.23"]
[Round "1.1"]
[White "Muratovic, Efim"]
[Black "Lu, Miaoyi"]
[Result "1/2-1/2"]
[WhiteElo "2327"]
[BlackElo "2219"]
[PlyCount "46"]
[EventDate "2022.03.23"]
[EventType "schev"]
[EventRounds "10"]
[EventCountry "BIH"]
[SourceTitle "EXT 2023"]
[Source "ChessBase"]
[SourceDate "2022.10.05"]
[SourceVersion "1"]
[SourceVersionDate "2022.10.05"]
[SourceQuality "1"]
[WhiteTeam "Seniors"]
[BlackTeam "Kadets"]
[WhiteTeamCountry "SRB"]
[BlackTeamCountry "SRB"]

1. Nf3 d5 2. g3 Nd7 3. d4 Nb6 4. Bg2 Bf5 5. 0-0 e6 6. a4 a5 7. b3 h6 8. Nbd2 Nf6 9. Ne5 Bb4 10. Bb2 0-0 11. Nd3 Be7 12. c4 c6 13. Nc5 Nbd7 14. Nd3 Nb8 15. Nc5 b6 16. Nd3 Na6 17. Ne5 Nb4 18. Rc1 Rc8 19. c5 bxc5 20. dxc5 Na2 21. Ra1 Nb4 22. Rc1 Na2 23. Ra1 Nb4 1/2-1/2

[Event "BIH-chT 19th"]
[Site "Neum"]
[Date "2021.09.22"]
[Round "7.3"]
[White "Kozul, Zdenko"]
[Black "Muratovic, Efim"]
[Result "1-0"]
[WhiteElo "2597"]
[BlackElo "2349"]
[PlyCount "23"]
[EventDate "2021.09.17"]
[EventType "team-tourn"]
[EventRounds "9"]
[EventCountry "BIH"]
[SourceTitle "EXT 2023"]
[Source "ChessBase"]
[SourceDate "2022.10.05"]
[SourceVersion "1"]
[SourceVersionDate "2022.10.05"]
[SourceQuality "1"]
[WhiteTeam "Sarajevo Bosna"]
[BlackTeam "Gorazde"]
[WhiteTeamCountry "BIH"]
[BlackTeamCountry "BIH"]

1. d4 Nf6 2. c4 g6 3. Nc3 d5 4. cxd5 Nxd5 5. e4 Nxc3 6. bxc3 Bg7 7. Nf3 c5 8. Rb1 0-0 9. Be2 Nc6 10. d5 Ne5 11. Nxe5 Bxe5 12. Qc2 1-0

[Event "BIH-chT 19th"]
[Site "Neum"]
[Date "2021.09.19"]
[Round "3.3"]
[White "Ramoutar, Alan Safar"]
[Black "Muratovic, Efim"]
[Result "1/2-1/2"]
[WhiteElo "2362"]
[BlackElo "2349"]
[PlyCount "43"]
[EventDate "2021.09.17"]
[EventType "team-tourn"]
[EventRounds "9"]
[EventCountry "BIH"]
[SourceTitle "EXT 2023"]
[Source "ChessBase"]
[SourceDate "2022.10.05"]
[SourceVersion "1"]
[SourceVersionDate "2022.10.05"]
[SourceQuality "1"]
[WhiteTeam "Pazaric Bjelasnica"]
[BlackTeam "Gorazde"]
[WhiteTeamCountry "BIH"]
[BlackTeamCountry "BIH"]

1. e4 e5 2. Nf3 Nf6 3. d4 Nxe4 4. Bd3 d5 5. Nxe5 Bd6 6. 0-0 0-0 7. c4 c6 8. Nc3 Bf5 9. Qf3 Bxe5 10. Qxf5 Bxd4 11. cxd5 Nf6 12. Ne2 g6 13. Qf3 Be5 14. Bh6 Re8 15. dxc6 Nxc6 16. Rad1 Qd5 17. Qxd5 Nxd5 18. Rd2 Rad8 19. a3 Bg7 20. Bg5 Bf6 21. Bxf6 Nxf6 22. Nc1 1/2-1/2

[Event "BIH-chT 19th"]
[Site "Neum"]
[Date "2021.09.18"]
[Round "2.3"]
[White "Muratovic, Efim"]
[Black "Pastar, Slaven"]
[Result "0-1"]
[WhiteElo "2349"]
[BlackElo "2321"]
[PlyCount "44"]
[EventDate "2021.09.17"]
[EventType "team-tourn"]
[EventRounds "9"]
[EventCountry "BIH"]
[SourceTitle "EXT 2023"]
[Source "ChessBase"]
[SourceDate "2022.10.05"]
[SourceVersion "1"]
[SourceVersionDate "2022.10.05"]
[SourceQuality "1"]
[WhiteTeam "Gorazde"]
[BlackTeam "Bihac"]
[WhiteTeamCountry "BIH"]
[BlackTeamCountry "BIH"]

1. e3 e6 2. Nf3 c5 3. b3 b6 4. Bb2 Bb7 5. Be2 Nf6 6. 0-0 Be7 7. c4 0-0 8. d4 d5 9. cxd5 Nxd5 10. Nbd2 Nc6 11. dxc5 Bxc5 12. Rc1 Qe7 13. Bb5 Rac8 14. Qe2 Rfd8 15. Bxc6 Bxc6 16. Ne5 Ba8 17. Ne4 Bb4 18. Qa6 Rxc1 19. Rxc1 f6 20. Nc6 Bxc6 21. Rxc6 Nc3 22. Ng3 Qb7 0-1

[Event "BIH-chT1A 28th"]
[Site "Mostar"]
[Date "2021.08.08"]
[Round "4.3"]
[White "Muratovic, Efim"]
[Black "Milekic, Daniel"]
[Result "1-0"]
[WhiteElo "2340"]
[BlackElo "2291"]
[PlyCount "96"]
[EventDate "2021.08.06"]
[EventType "team-tourn"]
[EventRounds "9"]
[EventCountry "BIH"]
[SourceTitle "CBM 203 Extra"]
[Source "ChessBase"]
[SourceDate "2021.09.30"]
[SourceVersion "1"]
[SourceVersionDate "2021.09.30"]
[SourceQuality "1"]
[WhiteTeam "Zivinice"]
[BlackTeam "Cazin Ljiljan"]
[WhiteTeamCountry "BIH"]
[BlackTeamCountry "BIH"]

1. e3 Nf6 2. c4 e5 3. Nc3 Bb4 4. Nge2 c6 5. a3 Ba5 6. b4 Bc7 7. d4 exd4 8. Nxd4 d5 9. Bb2 0-0 10. cxd5 Nxd5 11. Nxd5 Qxd5 12. Qf3 Qxf3 13. gxf3 Re8 14. 0-0-0 a5 15. b5 Be5 16. f4 Bf6 17. a4 cxb5 18. Nxb5 Bxb2+ 19. Kxb2 Na6 20. Nd6 Rd8 21. f5 Kf8 22. Bc4 Ke7 23. Nxf7 Rxd1 24. Rxd1 Bxf5 25. Rd5 Be6 26. Re5 Kxf7 27. Rxe6 Kf8 28. Bxa6 bxa6 29. Re5 Rd8 30. Kc3 Rd6 31. h4 Kf7 32. Rxa5 Ke7 33. Rc5 Kd7 34. Rg5 g6 35. h5 Ke7 36. hxg6 hxg6 37. f4 Kf7 38. Kc4 Re6 39. Kd4 Rb6 40. Rc5 Ke7 41. a5 Rb4+ 42. Ke5 Rb7 43. e4 Kf7 44. Kd4 Rb4+ 45. Ke5 Ke7 46. Rc7+ Kf8 47. Kf6 Kg8 48. Rc6 Rb5 1-0